000 00332nam a22001457a 4500
008 180817b xxu||||| |||| 00| 0 eng d
020 _a9780132055437
041 _aeng
080 _a2
082 _a2
100 _a24
101 _aFE
245 _aIslamic Studies A History of Religions Approach
_cMartin,R.C
942 _2udc
_cBK
999 _c47200
_d47200